TV Show by Running Joke III Quiz Stats

Quiz Updated Sep 1, 2016

Challenge
Share
Tweet
Embed
Score 0/16 Timer 05:00
8 Plays Today
% Correct
House, M.D.
91.1%
The Muppet Show
87.1%
That '70s Show
84.3%
Reno 911!
83.3%
Bones
78.7%
Everybody Loves Raymond
67.7%
The Colbert Report
66.2%
New Girl
64.6%
% Correct
2 Broke Girls
63.6%
Adventure Time
59.9%
Castle
57.2%
Conan
53.9%
Last Week Tonight with John Oliver
51.9%
Buffy the Vampire Slayer
51.5%
Archer
49.5%
Two and a Half Men
33.8%

You're not logged in!

Compare scores with friends on all Sporcle quizzes.
Join for Free
OR
Log In

You Might Also Like...

Show Comments

Extras

Top Quizzes Today


Score Distribution

Your Account Isn't Verified!

In order to create a playlist on Sporcle, you need to verify the email address you used during registration. Go to your Sporcle Settings to finish the process.

Report this User

Report this user for behavior that violates our Community Guidelines.

Details: